The Walking Dead characters - Statistics

General Stats
  • This quiz has been taken 2,520 times
    2,514 since last reset
  • The average score is 13 of 15
Answer Stats
Hint Answer % Correct
Andrew Lincoln Rick Grimes
100%
Norman Reedus Daryl Dixon
99%
Chandler Riggs Carl Grimes
98%
Steven Yeun Glenn Rhee
98%
Lauren Cohan Maggie
97%
Sarah Wayne Callies Lori Grimes
95%
Melissa McBride Carol Peletier
93%
Jon Bernthal Shane Walsh
91%
Emily Kinney Beth Greene
89%
Scott Wilson Hershel Greene
88%
Laurie Holden Andrea
87%
Danai Gururia Michonne
86%
Michael Rooker Merle Dixon
83%
IronE Singleton T-Dog
74%
David Morrissey The Governor
40%
No matching quizzes found
Score Distribution
Percent of People with Each Score
Percentile by Number Answered
Your Score History
You have not taken this quiz since the last reset